Welcome to the Holygrace Academy Library

Please use search bar below to get started

VEDANTIC WAY OF LIVING (Record no. 5133)

MARC details
000 -LEADER
fixed length control field 00437nam a22001457a 4500
020 ## - INTERNATIONAL STANDARD BOOK NUMBER
ISBN 978-93-80695-16-7
082 ## - DEWEY DECIMAL CLASSIFICATION NUMBER
Classification number 200
Item number SWA/V
100 ## - MAIN ENTRY--AUTHOR NAME
Personal name SWAMI BHOOMANANDA TIRTHA
245 ## - TITLE STATEMENT
Title VEDANTIC WAY OF LIVING
260 ## - PUBLICATION, DISTRIBUTION, ETC. (IMPRINT)
Place of publication KERALA
Name of publisher NARAYANASHRAMA TAPOVANAM
Year of publication 1999
300 ## - PHYSICAL DESCRIPTION
Number of Pages 131
520 ## - SUMMARY, ETC.
Summary, etc VEDANTA ENABLES US TO UNDERSTAND LIFE FULLY AND WORK OUR WAY TO PERFECTION, HARMONY AND FULFILMENT.
650 ## - SUBJECT ADDED ENTRY--TOPICAL TERM
Topical Term RELIGIOUS
Geographic subdivision INDIA
942 ## - ADDED ENTRY ELEMENTS (KOHA)
Koha item type Books
Holdings
Withdrawn status Lost status Collection code Home library Current library Shelving location Date acquired Source of acquisition Full call number Accession Number Koha item type
    Non-fiction Main Library Main Library SHELF 15 C-RELIGIOUS 08/02/2022 purchase 200 SWA/V 12462 Books